|
|
|
|
| LEADER |
00000nab a2200000 a 4500 |
| 001 |
vtls008935348 |
| 003 |
SK-MaSNL |
| 005 |
20260304015519.0 |
| 008 |
140515c2006 xo wr|p|||||||000 b|slo |
| 015 |
|
|
|a SNBRB2007/01
|2 snkbucl
|
| 040 |
|
|
|a SNKBUCL
|b slo
|c SNKBUCL
|e AACR2
|
| 041 |
0 |
|
|a slo
|
| 044 |
|
|
|a xo
|c SK
|
| 080 |
|
|
|a 37.014-773
|2 2001
|
| 100 |
1 |
|
|a Krivošík, Lukáš,
|d 1983-
|4 aut
|9 78603
|
| 245 |
1 |
0 |
|a Vzdelávacia revolúcia v rozvojovom svete
|c Lukáš Krivošík
|
| 300 |
|
|
|b Fotogr., obr.
|
| 650 |
0 |
7 |
|a súkromné školy
|2 snkbucl
|9 71385
|
| 650 |
0 |
7 |
|a vzdelávacie služby
|2 snkbucl
|9 482922
|
| 650 |
0 |
7 |
|a vzdelávacie reťazce
|2 snkbucl
|9 1296794
|
| 651 |
|
7 |
|a rozvojové krajiny
|2 snkbucl
|9 69549
|
| 773 |
0 |
|
|t Týždeň
|g Roč. III, č. 50 (2006), s. 47-49
|x 1336-5932
|
| 852 |
|
|
|a SNK
|b KIS3GCP
|
| 999 |
|
|
|c 2591997
|d 2593927
|